000 00716nam a2200205Ia 4500
003 GCL
008 140319s9999 xx 000 0 ara d
040 _aGCL /
_cGCL
082 0 4 _a345.06
_bع ص
100 1 _aعبدالحميد الشواربى
_vPurified
_@
…هذب
245 1 0 _aضمانات المتهم فى مرحلة التحقيق الجنائى /
_cعبدالحميد الشواربى
260 _a[S.N] :
_bمنشاة المعارف ،
_c1993
300 _a597 ص
490 _aالكتب القانونية
_v0
650 0 4 _aالقانون الجنائى
650 0 4 _aالقانون
650 0 4 _aالجريمة والمجرمون
650 0 4 _aالحبس المؤقت
942 _2ddc
_cBK
999 _c28395
_d28395